Szczegóły MARC21

II Europejski Kongres Transportowy Translog' 2003 : Szczecin, 18-19 września 2003 /

005 -DATA I CZAS OSTATNIEJ MODYFIKACJI [,]
    • @
    • pole kontrolne
    • 20070315155141.9
020 -Międzynarod. znormalizowany nr książki - ISBN [ , ]
    • a
    • Numer ISBN
    • 838914218X Find
040 -Instytucja sporządzająca opis [ , ]
    • a
    • Instytucja, która sporządziła opis (NP)
    • SZCZ U
    • c
    • Instytucja, która sporządziła rekord (NP)
    • SZCZ U
041 -Język dokumentu [0, ]
    • a
    • Język tekstu (P)
    • polski
    • h
    • Język tekstu oryginalnego i/lub pośredniego (P)
    • polski
942 -Rodzaj dokumentu [ , ]
    • c
    • Rodzaj dokumentu
    • Książka
245 -Strefa tytułu i oznaczenia odpowiedzialności [0, ]
    • a
    • Tytuł
    • II Europejski Kongres Transportowy Translog' 2003 : Find
    • b
    • Ciąg dalszy tytułu (NP)
    • Szczecin, 18-19 września 2003 / Find
    • c
    • Pozostałe elementy strefy tytułu i oznaczenia odpowiedzialności (NP)
    • Hubert Bronk [i in.].
260 -Strefa adresu wydawniczego [ , ]
    • a
    • Miejsce wydania (P)
    • Szczecin :
    • b
    • Nazwa wydawcy (P)
    • Fund.na Rzecz US,
    • c
    • Data wydania (P)
    • [2003].
300 -Strefa opisu fizycznego [ , ]
    • a
    • Określenie formy książki i/lub objętość (NP)
    • 444 s. :
    • b
    • Oznaczenie ilustracji (NP)
    • il. :
    • c
    • Format (NP)
    • 30 cm.
500 -Uwaga ogólna [ , ]
    • a
    • Uwaga ogólna (NP)
    • Bibliogr.Summ
080 -Uniwersalna Klasyfikacja Dziesiętna [ , ]
    • a
    • Symbol klasyfikacji
    • 338.47::656.1/.7(061)
980 -Symbol UKD [ , ]
    • a
    • UKD
    • 338.47::656.1/.7(061)
700 -Hasło dodatkowe - nazwa osobowa [ , ]
    • a
    • Nazwa osobowa (NP)
    • Bronk Hubert Find
920 -ISBN [ , ]
    • a
    • ISBN
    • 83-89142-18-X Find
Status udost. Numer inwentarzowy Sygnatura Lokalizacja Data inwentaryzacji
-2T.7802T.7802T2004-04-06
-3TM.2154TM.2154T2004-04-06